Practical Cookery/ (Record no. 363827)
[ view plain ]
| 000 -LEADER | |
|---|---|
| fixed length control field | 00393nam a2200133Ia 4500 |
| 008 - FIXED-LENGTH DATA ELEMENTS--GENERAL INFORMATION | |
| fixed length control field | 200626s9999 xx 000 0 und d |
| 020 ## - INTERNATIONAL STANDARD BOOK NUMBER | |
| International Standard Book Number | 0-340-74941-5 |
| 100 ## - MAIN ENTRY--PERSONAL NAME | |
| Personal name | Ceserani, Victor |
| 245 ## - TITLE STATEMENT | |
| Statement of responsibility, etc | Victor Ceserani, Ronald Kinton, David Foskett.-- |
| Title | Practical Cookery/ |
| 250 ## - EDITION STATEMENT | |
| Edition statement | 9th ed. |
| 260 ## - PUBLICATION, DISTRIBUTION, ETC. (IMPRINT) | |
| Place of publication, distribution, etc | London: |
| Name of publisher, distributor, etc | Hodder & Stoughton |
| Date of publication, distribution, etc | 2000 |
| 300 ## - PHYSICAL DESCRIPTION | |
| Extent | ix, 598 pages |
| 500 ## - GENERAL NOTE | |
| General note | Includes Index |
| Withdrawn status | Lost status | Source of classification or shelving scheme | Damaged status | Home library | Current library | Shelving location | Date acquired | Source of acquisition | Total Checkouts | Full call number | Barcode | Date last seen | Price effective from | Koha item type |
|---|---|---|---|---|---|---|---|---|---|---|---|---|---|---|
| Library of Congress Classification | Southville International School Affiliated with Foreign Universities Library | Southville International School Affiliated with Foreign Universities Library | Southville Foreign University Section | 06/27/2020 | Donation | TX 820 .C421 2000 | SFU0984 | 06/27/2020 | 06/27/2020 | Books |